Các câu chuyện toán học; T1: Tất nhiên trong ngẫu nhiên
Bewaard in:
| Hoofdauteur: | |
|---|---|
| Formaat: | Boek |
| Taal: | Undetermined |
| Gepubliceerd in: |
Hà Nội
Giáo Dục
2001
|
| Onderwerpen: | |
| Tags: |
Voeg label toe
Geen labels, Wees de eerste die dit record labelt!
|
| Thư viện lưu trữ: | Trung tâm Học liệu Trường Đại học Cần Thơ |
|---|
| LEADER | 00589nam a2200193Ia 4500 | ||
|---|---|---|---|
| 001 | CTU_43708 | ||
| 008 | 210402s9999 xx 000 0 und d | ||
| 020 | |b 7.400đ | ||
| 082 | |a 510 | ||
| 082 | |b Đ450/T1 | ||
| 100 | |a Nguyễn Bá Đô | ||
| 245 | 0 | |a Các câu chuyện toán học; T1: Tất nhiên trong ngẫu nhiên | |
| 245 | 0 | |c Nguyễn Bá Đô, Nguyễn Hồng Minh | |
| 260 | |a Hà Nội | ||
| 260 | |b Giáo Dục | ||
| 260 | |c 2001 | ||
| 650 | |a probabilities | ||
| 904 | |i Minh, 011003 | ||
| 980 | |a Trung tâm Học liệu Trường Đại học Cần Thơ | ||